Il lessico della corrotta italianitá / (Record no. 53581)

MARC details
000 -LEADER
campo de control de longitud fija 00534nam a22001695i 4500
001 - NÚMERO DE CONTROL
campo de control 53581
003 - IDENTIFICADOR DE NÚMERO DE CONTROL
campo de control ES-MaACL
007 - CAMPO FIJO DE DESCRIPCIÓN FÍSICA--INFORMACIÓN GENERAL
campo de control de longitud fija t|
008 - DATOS DE LONGITUD FIJA--INFORMACIÓN GENERAL
campo de control de longitud fija 960628s1877 it ||||1| ita d
040 ## - FUENTE DE CATALOGACIÓN
Centro catalogador/agencia de origen CAM
Lengua de catalogación spa
Centro/agencia transcriptor CAM
100 1# - ENTRADA PRINCIPAL--NOMBRE DE PERSONA
Nombre de persona Fanfani, Pietro.
9 (RLIN) 48792
245 13 - MENCIÓN DEL TÍTULO
Título Il lessico della corrotta italianitá /
Mención de responsabilidad, etc. per P. Fanfani e C. Arlía.
260 ## - PUBLICACIÓN, DISTRIBUCIÓN, ETC.
Lugar de publicación, distribución, etc. Milano :
Nombre del editor, distribuidor, etc. libreria d'Educazione e d'Istruzione di Paolo Carrara,
Fecha de publicación, distribución, etc. 1877 (
Fabricante tip. Guglielmim)
300 ## - DESCRIPCIÓN FÍSICA
Extensión 451, [8] p. ;
Dimensiones 19 cm.
700 1# - ENTRADA AGREGADA--NOMBRE PERSONAL
Nombre de persona Arlia, C.
9 (RLIN) 22896
852 ## - LOCALIZACIÓN
Ubicación ES-MaACL
Número de control de estantería G-14264
Holdings
Estatus retirado Estado de pérdida Estado de daño No para préstamo Colección Biblioteca de origen Biblioteca actual Ubicación en estantería Fecha de adquisición Fuente de adquisición Total de préstamos Signatura topográfica completa Código de barras Visto por última vez Precio de reemplazo Tipo de ítem Koha
        Libros del s. XIX Biblioteca del Ateneo de Madrid Biblioteca del Ateneo de Madrid Sala Pecera Planta 3 17/01/2008     G-14264 1056303 23/02/2023 23/02/2023 Libro impreso antiguo